The journal of applied ecology

Kaydedildi:
Detaylı Bibliyografya
Materyal Türü: Kitap
Dil:Undetermined
Baskı/Yayın Bilgisi: Oxford Blackwell Scientific Publications 1987
Konular:
Etiketler: Etiketle
Etiket eklenmemiş, İlk siz ekleyin!
Thư viện lưu trữ: Trung tâm Học liệu Trường Đại học Cần Thơ
LEADER 00551nam a2200169Ia 4500
001 CTU_142618
008 210402s9999 xx 000 0 und d
082 |a 333.95 
082 |b J86/Vol.24 
245 4 |a The journal of applied ecology 
245 0 |c Edited for the British ecological society by William Block & John Miles 
260 |a Oxford 
260 |b Blackwell Scientific Publications 
260 |c 1987 
650 |a Applied ecology,Sinh thái học ứng dụng 
904 |i Năm 
980 |a Trung tâm Học liệu Trường Đại học Cần Thơ